Using LINUX : The Most Complete Reference /

Enregistré dans:
Détails bibliographiques
Auteurs principaux: Tackett, Jack Jr (Auteur), Gunter, David (Auteur), Brown, Lance (Auteur)
Format: Livre
Langue:anglais
Publié: Indianapolis : by Que Corporation, 1995
Édition:Special Edition
Collection:World's Best Selling Series
Tags: Ajouter un tag
Pas de tags, Soyez le premier à ajouter un tag!

MARC

LEADER 00000nam a22000003a 4500
001 stu24047
005 20150617225742.3
008 960905s1995----xxu-----------------eng-d
020 |a 0-7897-0100-6 
040 |a STU  |b slo 
041 0 |a eng 
044 |a xxu 
080 |a 681.3.06 
100 1 |a Tackett, Jack Jr  |4 aut 
245 1 |a Using LINUX :  |b The Most Complete Reference /  |c [aut.]Tackett,Jack Jr., Gunter,David, Brown,Lance 
250 |a Special Edition 
260 |a Indianapolis :  |b by Que Corporation,  |c 1995 
300 |a 861 s :  |b Tab.,index 
700 1 |a Gunter, David  |4 aut 
700 1 |a Brown, Lance  |4 aut 
830 0 |a World's Best Selling Series 
996 |b C94329  |c C*94329  |l CCXXXIV  |s P  |a 0  |w stu24047_0001